Special characters Hex to ASCII - Statistics

General Stats
  • This quiz has been taken 3 times
  • The average score is 19 of 36
Answer Stats
Hint Answer % Correct
21 !
100%
20 space
100%
22 "
50%
23 #
50%
24 $
50%
25 %
50%
26 &
50%
27 '
50%
28 (
50%
29 )
50%
2A *
50%
2B +
50%
2C ,
50%
2D -
50%
2E .
50%
2F /
50%
3A :
50%
3B ;
50%
3D =
50%
40 @
50%
5B [
50%
5C \
50%
5D ]
50%
5E ^
50%
5F _
50%
60 `
50%
7B {
50%
7C |
50%
7D }
50%
7E ~
50%
3E >
50%
3F >
50%
3C <
50%
0A \n
50%
0D \r
50%
09 \t
50%
No matching quizzes found
Score Distribution
Percent of People with Each Score
Percentile by Number Answered
Your Score History
You have not taken this quiz